000 00639nam a2200181 4500
001 113213
003 ES-MaACL
005 20230906185811.0
007 t|
008 061121s1943 sp r ||||1| spa d
100 1 _aNiklittschek, Alexander.
_985741
245 1 3 _aEl prodigioso jardín de las matemáticas /
_cAlexander Niklittschek ; traducción de Antonio Fonts ; revisada por Eduardo Condeminas Abós.
260 _aBarcelona :
_bIberia,
_c1943.
300 _a389 p. :
_b85 grabs. intercalados ;
_c23 cm.
700 1 _aFonts, Antonio.
_951653
700 1 _aCondeminas Abós, Eduardo.
_940139
852 _aES-MaACL
_jF-13494
_bR.20493
999 _c113213
_d113213